Statistiche per Primi 15 paesi interessati da Covid-19 - 20 maggio

Clicka qui per fare il quiz!

Statistiche generali

  • Questo quiz è stato fatto 2 volte
  • Il punteggio medio è 20 su 25

Statistiche sulle risposte

nazione% Corretto
Bielorussia
100%
Brasile
100%
Cina
100%
Francia
100%
Germania
100%
India
100%
Irlanda
100%
Italia
100%
Perù
100%
Portogallo
100%
Regno Unito
100%
Russia
100%
Spagna
100%
Stati Uniti
100%
Svezia
100%
Turchia
100%
Arabia Saudita
50%
Bahrain
50%
Belgio
50%
Canada
50%
Iran
50%
Qatar
50%
Svizzera
50%
Kuwait
0%
Singapore
0%

Distribuzione punteggi

Percentile per numero di risposta

Percentuale di utenti per punteggio

I tuoi punteggi nel tempo

Non hai fatto questo quiz